Statistiques concernant Joueurs de football par images - B

Cliquez ici pour prendre le quiz!

Statistiques générales

  • Ce quiz a été pris 810 fois
  • Le résultat moyen est 14 sur 20

Statistiques - réponses

Réponse% Correct
Gianluigi Buffon
98%
Gareth Bale
97%
David Beckham
93%
Jude Bellingham
92%
Fabien Barthez
91%
Sergio Busquets
88%
Marcelo Brozović
76%
Franz Beckenbauer
75%
Jonathan Bamba
71%
Michy Batshuayi
70%
Basile Boli
69%
George Best
69%
Roberto Baggio
64%
Michael Ballack
63%
Dennis Bergkamp
58%
Franco Baresi
58%
Dimitar Berbatov
51%
Gabriel Batistuta
49%
Bebeto
31%
Patrick Battiston
21%

Distribution des résultats

Percentile par nombre de réponses

% des personnes avec chaque résultat

Votre développement - résultats

Vous n’avez pas pris ce quiz